| 000 | 00422nab a2200145Ia 4500 | ||
|---|---|---|---|
| 003 | ES-SlBCS | ||
| 005 | 20210601133052.0 | ||
| 008 | 140529s1936 xxu||||| |||| 00| 0 ita d | ||
| 041 | _aita | ||
| 100 | 1 |
_aOlgiati, Francesco _912610 |
|
| 245 | 0 | 0 |
_aRealtà ed esperienza _c Francesco Olgiati |
| 650 | 0 | 4 |
_aRealidad _9103648 |
| 773 | 0 |
_tRivista di Filosofia Neoscolastica _gvol. 28, 1936, págs. 207-216 _wRev392 |
|
| 942 | _cAR | ||
| 999 |
_c590222 _d590222 |
||